Vande mataram and Islam / (Record no. 17746)

MARC details
000 -LEADER
fixed length control field 00751nam a22002177a 4500
005 - DATE AND TIME OF LATEST TRANSACTION
control field 20081020105250.0
008 - FIXED-LENGTH DATA ELEMENTS--GENERAL INFORMATION
fixed length control field 081020t xxu||||| |||| 00| 0 eng d
010 ## - LIBRARY OF CONGRESS CONTROL NUMBER
LC control number ENG-84436
020 ## - INTERNATIONAL STANDARD BOOK NUMBER
International Standard Book Number 818324159X
020 ## - INTERNATIONAL STANDARD BOOK NUMBER
Terms of availability 250.00 (hb)
035 ## - SYSTEM CONTROL NUMBER
System control number EN-67969
082 ## - DEWEY DECIMAL CLASSIFICATION NUMBER
Classification number 929.5 / MAZ
100 ## - MAIN ENTRY--PERSONAL NAME
Personal name Mazumdar, Aurobindo
245 ## - TITLE STATEMENT
Title Vande mataram and Islam /
Statement of responsibility, etc by Aurobindo Mazumdar
260 ## - PUBLICATION, DISTRIBUTION, ETC. (IMPRINT)
Place of publication, distribution, etc New Delhi
Name of publisher, distributor, etc Mittal Publications
260 ## - PUBLICATION, DISTRIBUTION, ETC. (IMPRINT)
Date of publication, distribution, etc 2007
300 ## - PHYSICAL DESCRIPTION
Extent viii,107p
Dimensions 22cm
500 ## - GENERAL NOTE
General note Includes bibliographical references and index
942 ## - ADDED ENTRY ELEMENTS (KOHA)
Source of classification or shelving scheme Dewey Decimal Classification
Koha item type English Books
Classification part 929.5
Call number suffix MAZ
Holdings
Withdrawn status Lost status Source of classification or shelving scheme Damaged status Not for loan Home library Current library Date acquired Cost, normal purchase price Total Checkouts Full call number Barcode Date last seen Copy number Cost, replacement price Price effective from Koha item type
    Dewey Decimal Classification   Not For Loan D.B.Act.Division D.B.Act.Division 05/03/2007 250.00   929.5 MAZ EN-67969 04/11/2008 1 250.00 04/11/2008 English Books

© Delhi Public Library
Hit Counter
free hit counter